| 000 | 01670nam a2200361 a 4500 | ||
|---|---|---|---|
| 003 | EG-GiCUC | ||
| 005 | 20250223025624.0 | ||
| 008 | 090530s2008 ua dh f m 000 0 eng d | ||
| 040 |
_aEG-GiCUC _beng _cEG-GiCUC |
||
| 041 | 0 | _aeng. | |
| 049 | _aDeposite | ||
| 097 | _aM.Sc. | ||
| 099 | _aCai01.11.10.M.Sc.2008.Do.D. | ||
| 100 | 0 | _aDoaa Abobakr Alsadeek Mohamed | |
| 245 | 1 | 0 |
_aDisorders of hair pigmentation / _cDoaa Abobakr Alsadeek Mohamed ; Supervised Mohsen M. Soliman , Shahira Abdelrahman Ramadan , Doaa Mohamed Mahgoub |
| 246 | 1 | 5 | _aاضطرابات تلوين الشعر |
| 260 |
_aCairo : _bDoaa Abobakr Alsadeek Mohamed , _c2008 |
||
| 300 |
_a108P. : _bcharts , facsimiles ; _c25cm. |
||
| 502 | _aThesis (M.Sc.) - Cairo University - Faculty of Medicine - Department of Dermatology and Venerology | ||
| 520 | _aThe most common disorders of pigmentation of the hair are premature graying hair ( canities ) poliosis green hair blue hair and yellow hair decreased hair pigmentation in which dark hair appears lighter may occur in the following condition waardenburg`s syndrome , piebaldism , albinism , hutchinson - gilford progeria type syndromes and werner`s syndrome | ||
| 530 | _aIssued also as CD | ||
| 653 | 4 | _aDP : Dermal papilla | |
| 653 | 4 | _aMCIR : Melanocortin - 1 receptor | |
| 653 | 4 | _aOCA : Oculocutaneous albinism | |
| 700 | 0 |
_aDoaa Mohamed Mahgoub , _eSupervisor |
|
| 700 | 0 |
_aMohsen Mohamed Soliman , _eSupervisor |
|
| 700 | 0 |
_aShahira Abdelrahman Ramadan , _eSupervisor |
|
| 856 | _uhttp://172.23.153.220/th.pdf | ||
| 902 | _a1 | ||
| 905 |
_aEnas _eCataloger |
||
| 905 |
_aMustafa _eRevisor |
||
| 942 |
_2ddc _cTH |
||
| 999 |
_c16934 _d16934 |
||